000 01237cad a22002535a 4500
001 E145764
008 081106s2008 xxk f s000 0 eng d
020 _a9780755972890
035 _a(Sirsi) u145764
041 0 _aeng
050 0 4 _a306.1 $2 18
100 1 _aRichards, Francesca
245 0 0 _aOwner occupiers' views
_bframework code of management practice for owner occupied sheltered housing
_h[electronic resource]
260 _a[Edinburgh]
_bScottish Executive Social Research
_c2008
505 2 _aGlossary -- Executive Summary -- Introduction -- Methodology -- Research findings -- Summary of main issues
520 _aPresents the results of research into the views of sheltered housing owners, which was carried out to inform the proposed revision of the Scottish Government's "Framework Code of Management Practice for Owner Occupied Sheltered Housing", which was published in 2000.
521 _aAdvanced
590 _aKA
651 4 _aScotland
_y1999-
690 _aPROPERTY-RESIDENTIAL PROPERTY-DOMESTIC RESIDENTIAL PROPERTY-HOUSING
700 1 _aStrachan, Valerie
856 4 0 _uhttps://www.scotland.gov.uk/Publications/2008/10/29110203/9
_zView the report free of charge at www.scotland.gov.uk...
942 _n0
999 _c108905
_d108905